[Event "1301"]
[Site "www.echecsemail.com"]
[Date "2026.01.25"]
[Round "1"]
[White "Katastrofic"]
[Black "Qsdmlk"]
[WhiteElo "1370"]
[BlackElo "1530"]
[Result "1-0"]
1.e4 e5
2.Bf1c4 Ng8f6
3.d3 Bf8c5
4.h3 O-O
5.Ng1f3 h6
6.Nf3xe5 d5
7.exd5 Nf6xd5
8.O-O Bc8e6
9.d4 Bc5b6
10.Bc4xd5 Be6xd5
11.c3 Qd8f6
12.a3 Rf8d8
13.Nb1d2 c5
14.Ne5f3 a5
15.c4 Bd5c6
16.d5 Bc6d7
17.Nd2e4 Qf6g6
18.Ne4g3 f5
19.Nf3e5 Qg6f6
20.Ne5xd7 Nb8xd7
21.Ra1b1 Bb6c7
22.Rf1e1 Bc7e5
23.Ng3h5 Qf6f7
24.Bc1f4 Be5d4
25.Nh5g3 Qf7f6
26.Bf4e3 Bd4xe3
27.fxe3 Nd7b6
28.b3 a4
29.b4 cxb4
30.Rb1xb4 { abandon }1-0

[Event "Défi( 10J+24H/c 10J Max )"]
[Site "www.echecsemail.com"]
[Date "2026.01.25"]
[Round "1"]
[White "Cocola34"]
[Black "Matsonic"]
[WhiteElo "1620"]
[BlackElo "1840"]
[Result "0-1"]
1.e4 c5
2.c3 d6
3.h4 Nb8c6
4.Bf1b5 Bc8d7
5.b3 a6
6.Bb5c4 Ng8f6
7.Qd1f3 b5
8.Bc4d5 Nf6xd5
9.exd5 Nc6e5
10.Qf3e2 e6
11.c4 exd5
12.cxd5 Bf8e7
13.g3 O-O
14.Ng1f3 Bd7g4
15.O-O Ne5xf3
16.Kh1 Nf3h2
17.Qe2e1 Nh2xf1
18.Qe1xf1 Be7f6
19.Nb1c3 b4
20.Qf1c4 bxc3
21.dxc3 Bg4f3
22.Kg1 Bf6e5
23.Qc4d3 Bf3h5
24.Bc1d2 Qd8f6
25.f4 Be5xf4
26.Bd2xf4 Bh5g6
27.Qd3e3 Rf8e8
28.Qe3f3 Bg6e4
29.Qf3d1 Qf6xc3
30.Ra1c1 Qc3b2
31.Qd1d2 Qb2xd2
32.Bf4xd2 Be4xd5
33.Bd2f4 Ra8d8
34.Rc1d1 Bd5b7
35.Kf2 d5
36.Bf4c7 Rd8d7
37.Bc7b6 Re8c8
38.a3 f5
39.Rd1d2 d4
40.b4 cxb4
41.axb4 Rc8c4
42.Bb6a5 d3
43.Kg1 Rc4c2
44.Rd2d1 d2
45.b5 Rc2c1
{ abandon }0-1

[Event "Défi( 10J+24H/c 10J Max )"]
[Site "www.echecsemail.com"]
[Date "2026.01.25"]
[Round "1"]
[White "Sam"]
[Black "Sylvia13"]
[WhiteElo "1650"]
[BlackElo "1600"]
[Result "0-1"]
1.e4 e5
2.Ng1f3 Nb8c6
3.Bf1c4 d5
4.Bc4xd5 h6
5.O-O Ng8f6
6.Nb1c3 Bf8c5
7.Nc3a4 Bc5b6
8.Na4xb6 axb6
9.c4 Bc8g4
10.d3 Nc6d4
11.Bc1e3 Nd4xf3
12.gxf3 Bg4h3
13.Rf1e1 Nf6h5
14.f4 Nh5xf4
15.Qd1f3 Qd8g5
16.Kh1 Bh3g2
17.Qf3xg2 Qg5xg2
0-1

[Event "Tournoi n27330"]
[Site "www.echecsemail.com"]
[Date "2026.01.25"]
[Round "1"]
[White "Legrillon"]
[Black "Nogean"]
[WhiteElo "1700"]
[BlackElo "1620"]
[Result "0-1"]
1.e4 d6
2.d4 c5
3.dxc5 Qd8a5
4.Nb1c3 Qa5xc5
5.Bc1e3 Qc5b4
6.Qd1c1 Nb8d7
7.Bf1d3 Ng8f6
8.Ng1e2 g6
9.O-O Nd7c5
10.Be3xc5 Qb4xc5
11.h3 Bf8g7
12.Nc3a4 Qc5b4
13.Na4c3 O-O
14.a3 Qb4b6
15.Ra1b1 Qb6d8
16.Nc3d5 b6
17.c4 Bc8b7
18.Nd5xf6 Bg7xf6
19.b4 Qd8c8
20.Qc1e3 Qc8c6
21.Ne2f4 e6
22.Rf1d1 Qc6a4
23.e5 dxe5
24.Nf4e2 Qa4xa3
25.b5 Qa3e7
26.Bd3e4 Ra8c8
27.Rb1c1 Bf6g7
28.Be4xb7 Qe7xb7
29.Rd1d6 Rc8c5
30.Qe3g5 Qb7b8
31.Qg5d2 h5
32.Ne2g3 Kh7
33.Ng3e4 Rc5c8
34.c5 Rf8d8
35.Rc1d1 Rd8xd6
36.cxd6 Rc8c4
37.d7 Qb8d8
38.Qd2d3 Rc4d4
39.Qd3c2 Rd4xd7
40.Rd1xd7 Qd8xd7
41.Qc2e2 Qd7d5
42.f3 Bg7h6
43.Ne4f6 Kg7
44.Nf6e4 Qd5b3
45.Ne4d6 Qb3c3
46.Nd6e4 Qc3c1
47.Kf2 Qc1a1
48.Ne4d6 Qa1d4
49.Kf1 Qd4xd6
50.Kg1 Bh6f4
51.Qe2c2 Qd6c5
52.Qc2xc5 bxc5
53.Kf2 c4
54.Ke2 c3
55.Kd1 Bf4d2
56.Kc2 f5
57.Kd1 e4
58.fxe4 fxe4
{ abandon }0-1

[Event "Défi"]
[Site "www.echecsemail.com"]
[Date "2026.01.25"]
[Round "1"]
[White "Berjay"]
[Black "Tartu"]
[WhiteElo "1710"]
[BlackElo "1740"]
[Result "0-1"]
1.e4 c5
2.d4 cxd4
3.Qd1xd4 e6
4.Ng1f3 Nb8c6
5.Bf1b5 a6
6.Bb5xc6 bxc6
7.O-O Qd8c7
8.e5 c5
9.Qd4f4 Bf8e7
10.c4 d6
11.Rf1d1 dxe5
12.Nf3xe5 Ng8f6
13.Qf4g3 Nf6h5
14.Qg3f3 O-O
15.Qf3xa8 Bc8b7
16.Qa8a7 Rf8a8
17.Rd1d7 Qc7xe5
18.Rd7d1 Ra8xa7
19.a4 h6
20.Ra1a3 Bb7c6
21.Ra3e3 Qe5c7
22.Re3d3 Ra7a8
23.g3 Bc6e4
24.Rd3e3 Be4xb1
25.Bc1d2 Bb1g6
26.Re3e2 Bg6d3
27.Re2e3 Bd3xc4
28.Rd1e1 Nh5f6
29.Bd2c3 Ra8d8
30.Re3e5 Nf6d5
31.Re1e4 Nd5xc3
32.bxc3 Bc4d5
33.Re4e3 Be7f6
{ abandon }0-1

[Event "Tournoi n27358"]
[Site "www.echecsemail.com"]
[Date "2026.01.25"]
[Round "1"]
[White "Fouvolant"]
[Black "Chessmat"]
[WhiteElo "1380"]
[BlackElo "1299"]
[Result "0-1"]
1.e4 e5
2.Ng1f3 Nb8c6
3.Bf1c4 Bf8c5
4.c3 d6
5.d4 exd4
6.cxd4 Bc5b6
7.O-O Ng8f6
8.Nb1c3 O-O
9.h3 a6
10.Bc4b3 Nc6a5
11.Bb3c2 Rf8e8
12.Qd1d3 g6
13.Bc1g5 Na5c6
14.Rf1e1 Nc6b4
15.Qd3d2 Nb4xc2
16.Qd2xc2 h6
17.Bg5h4 g5
18.Bh4g3 Bc8d7
{ abandon }0-1

[Event "1801"]
[Site "www.echecsemail.com"]
[Date "2026.01.25"]
[Round "1"]
[White "Katastrofic"]
[Black "Turbo"]
[WhiteElo "1370"]
[BlackElo "1350"]
[Result "0-1"]
1.e4 e5
2.Bf1c4 Nb8c6
3.a3 h6
4.h3 Ng8f6
5.d3 Bf8c5
6.Ng1f3 O-O
7.O-O a6
8.b4 Bc5a7
9.Bc1d2 Ba7b8
10.a4 Nc6d4
11.Nf3xd4 exd4
12.c3 dxc3
13.Bd2xc3 c6
14.e5 Nf6d5
15.Bc4xd5 cxd5
16.d4 Qd8c7
17.f4 d6
18.Ra1a3 dxe5
19.fxe5 f6
20.Nb1d2 fxe5
21.Rf1xf8 Kxf8
22.Qd1f3 Kg8
23.Qf3xd5 Kh8
24.dxe5 Qc7e7
25.Nd2f3 Ra8a7
26.Ra3b3 Bc8e6
{ abandon }0-1

[Event "Tournoi n27385"]
[Site "www.echecsemail.com"]
[Date "2026.01.25"]
[Round "1"]
[White "Fouvolant"]
[Black "Katastrofic"]
[WhiteElo "1410"]
[BlackElo "1390"]
[Result "0-1"]
1.e4 e5
2.Ng1f3 d6
3.d4 Bf8e7
4.dxe5 Bc8g4
5.exd6 Be7xd6
6.Bf1e2 c6
7.Nb1c3 Bd6c7
8.Bc1d2 Bg4xf3
{ abandon }0-1

[Event "YQUELON"]
[Site "www.echecsemail.com"]
[Date "2026.01.25"]
[Round "1"]
[White "Legrillon"]
[Black "4x4"]
[WhiteElo "1720"]
[BlackElo "1470"]
[Result "0-1"]
1.e4 e5
2.Ng1f3 Ng8f6
3.d4 d6
4.dxe5 dxe5
5.Qd1xd8 Kxd8
6.Nf3xe5 Bc8e6
7.Bf1d3 Bf8d6
8.Ne5f3 Ke7
9.O-O Nb8c6
10.h3 Nc6e5
11.Nb1d2 Ne5xf3
12.Nd2xf3 c6
13.c4 b6
14.e5 Bd6c7
15.exf6 gxf6
16.Rf1e1 Bc7d6
17.Bd3f5 c5
18.Bf5xe6 fxe6
19.b3 Rh8g8
20.Bc1e3 Rg8g6
21.Nf3h4 Rg6g7
22.Be3h6 Rg7g8
23.Nh4f5 Kd7
24.Nf5g7 Bd6e5
25.Ra1d1 Kc6
26.Ng7xe6 Rg8g6
27.Bh6f4 Be5xf4
28.Ne6xf4 Rg6h6
29.Re1e6 Kb7
30.Rd1d7 Ka6
31.a3 Rh6h4
32.Re6xf6 h5
33.Rf6g6 Rh4xf4
34.g3 Rf4f3
35.b4 Rf3xa3
36.bxc5 Ra8b8
37.cxb6 Rb8xb6
38.Rg6xb6 Kxb6
39.Rd7d5 Ra3c3
40.Rd5xh5 Rc3xc4
41.Rh5h6 Kb5
42.h4 a5
43.Rh6h5 Kb4
44.Rh5e5 a4
45.Re5e1 a3
46.Re1a1 Kb3
47.h5 Kb2
48.Ra1xa3 Kxa3
49.Kg2 Kb4
50.Kh3 Kc5
51.g4 Kd5
52.h6 Rc4c7
53.Kh4 Ke6
54.Kh5 Kf6
55.g5 Kf7
56.f4 Rc7c6
57.f5 Rc6c5
58.g6 Kg8
59.Kg5 Rc5d5
60.Kf6 Rd5d6
61.Ke5 Rd6d7
62.Ke6 Rd7d8
63.Ke7 Rd8f8
64.f6 Rf8a8
65.h7 Kh8
66.Ke6 Ra8e8
67.Kd7 Re8f8
68.g7 Kxh7
69.Ke7 Rf8g8
70.Kf7 Rg8a8
71.Ke7 Kg8
72.Ke6 Ra8a7
73.Kf5 Kf7
74.Kg5 Ra7a5
75.Kh6 Ra5f5
76.g8Q Kxg8
77.Kg6 Rf5f1
{ abandon }0-1

[Event "Coupe Niveau 2"]
[Site "www.echecsemail.com"]
[Date "2026.01.25"]
[Round "1"]
[White "Patau"]
[Black "Domenico"]
[WhiteElo "1710"]
[BlackElo "1750"]
[Result "0-1"]
1.e4 e5
2.Ng1f3 d6
3.d4 exd4
4.Qd1xd4 Ng8f6
5.Nb1c3 Bf8e7
6.Bf1b5 c6
7.Bb5a4 b5
8.Ba4b3 O-O
9.a4 c5
10.Qd4e3 c4
11.Bb3a2 Nb8d7
12.Nc3xb5 Nd7e5
13.O-O Ne5g4
14.Qe3e2 d5
15.exd5 Nf6xd5
16.Bc1e3 Nd5xe3
17.fxe3 Be7c5
18.Nb5d4 Qd8d6
19.Ba2xc4 Bc8b7
20.Ra1d1 Bc5xd4
21.Rd1xd4 Qd6c7
22.h3 Bb7xf3
23.gxf3 Qc7g3
24.Qe2g2 Qg3xg2
25.Kxg2 Ng4xe3
26.Kf2 Ne3xc2
27.Rd4d2 Nc2b4
28.Rf1d1 Nb4c6
29.f4 h6
30.Bc4b5 Nc6e7
31.Rd2d7 Ne7f5
32.Rd7c7 a6
33.Bb5c6 Ra8b8
34.Rd1d2 Nf5h4
35.Bc6b7 a5
36.Rd2d5 Rf8e8
37.Rd5d7 Re8f8
38.Rc7c5 Nh4g6
39.Kf3 Rf8e8
40.Rc5xa5 Re8e7
41.Rd7xe7 Ng6xe7
42.Ra5b5 Ne7f5
43.Ke4 Nf5d6
44.Kd5 Nd6xb5
{ abandon }0-1

[Event "Tournoi n27403"]
[Site "www.echecsemail.com"]
[Date "2026.01.25"]
[Round "1"]
[White "Voyageur"]
[Black "Wenoketo"]
[WhiteElo "1600"]
[BlackElo "1700"]
[Result "1-0"]
1.d4 d5
2.c4 dxc4
3.e3 Bc8f5
4.Qd1f3 Bf5xb1
5.Qf3xb7 Nb8d7
6.Ra1xb1 Nd7b6
7.Qb7a6 Qd8d5
8.Ng1f3 e6
9.Bf1e2 Bf8d6
10.O-O Ng8e7
11.Nf3d2 O-O
12.Be2xc4 Nb6xc4
13.Qa6xc4 Qd5xc4
14.Nd2xc4 Rf8d8
15.b3 Rd8b8
16.Bc1d2 Ne7g6
17.h3 Rb8d8
18.Bd2a5 Rd8d7
19.Rb1c1 h6
20.Rc1c2 Ng6e7
21.Rf1c1 Ra8c8
22.Nc4xd6 Rd7xd6
23.Ba5xc7 Rd6a6
24.a4 Ne7d5
25.Bc7e5 Rc8xc2
26.Rc1xc2 Nd5b4
27.Rc2b2 Nb4d3
28.Rb2b1 Nd3xe5
29.dxe5 Ra6a5
30.Kf1 Ra5xe5
31.Ke2 a5
32.f3 g5
33.g3 f5
34.b4 axb4
35.Rb1xb4 Re5a5
36.f4 Kf7
37.fxg5 hxg5
38.Kd3 Kg6
39.Kc3 Kh5
40.Kb3 e5
41.Rb4b5 { abandon }1-0

[Event "Tournoi n27413"]
[Site "www.echecsemail.com"]
[Date "2026.01.25"]
[Round "1"]
[White "Geantvert"]
[Black "Darkknight99"]
[WhiteElo "1860"]
[BlackElo "2010"]
[Result "0-1"]
1.c4 Ng8f6
2.Nb1c3 e6
3.d4 d5
4.cxd5 exd5
5.g3 c6
6.Bf1g2 Bc8f5
7.Ng1h3 Bf8d6
8.O-O O-O
9.e3 Nb8d7
10.Nc3e2 Nf6e4
11.a3 h5
12.Kh1 h4
13.f3 Bf5xh3
14.Bg2xh3 Ne4g5
15.Bh3f5 g6
16.Bf5d3 hxg3
17.hxg3 Kg7
18.Kg2 Rf8h8
19.Rf1h1 Qd8f6
20.f4 Ng5e4
21.Bd3xe4 dxe4
22.Bc1d2 Qf6f5
23.Qd1c2 Qf5g4
{ abandon }0-1

[Event "Défi"]
[Site "www.echecsemail.com"]
[Date "2026.01.25"]
[Round "1"]
[White "Cocola34"]
[Black "Magyar"]
[WhiteElo "1640"]
[BlackElo "1610"]
[Result "0-1"]
1.e4 e5
2.h4 Ng8f6
3.f3 Bf8c5
4.Ng1e2 Nb8c6
5.c3 a6
6.b4 Bc5b6
7.a3 d6
8.g4 h6
9.h5 Bc8xg4
10.Bf1g2 Bg4xh5
11.Ne2g3 Bh5g6
12.d3 Qd8d7
13.Bg2h3 Qd7e7
14.Ng3f5 Bg6xf5
15.Bh3xf5 Nc6a7
16.c4 Na7c6
17.Bc1b2 Nc6d4
18.Nb1d2 Nd4xf5
19.exf5 Qe7d7
20.Qd1e2 Qd7xf5
21.O-O-O O-O-O
22.Nd2b3 Rd8e8
23.Qe2g2 Rh8g8
24.Kb1 h5
25.Ka2 g6
26.Rh1f1 Qf5e6
27.Nb3a5 Bb6xa5
28.bxa5 Nf6d7
29.Qg2f2 Kb8
30.Rd1b1 Nd7c5
31.Qf2d2 Qe6f5
32.Rb1d1 Nc5a4
33.Bb2a1 Qf5d7
34.Rd1b1 Na4c5
35.Rb1b2 c6
36.Kb1 Nc5a4
37.Rb2b4 Na4c5
38.Ba1b2 Qd7f5
39.Ka2 Nc5xd3
40.Rb4b3 Nd3xb2
41.Rb3xb2 Re8e7
42.Qd2xd6 Re7c7
43.Rf1b1 Kc8
44.Qd6d1 Qf5e6
45.Qd1e2 c5
46.Rb2b6 Qe6e7
47.Qe2e4 Rc7c6
48.Rb6xb7 Qe7xb7
49.Rb1xb7 Kxb7
50.Qe4b1 Kc7
51.Qb1e4 f6
52.Qe4d5 Rg8g7
53.Qd5d1 Rg7d7
54.Qd1c2 f5
55.Qc2e2 Rd7e7
56.Qe2g2 Re7e6
57.Qg2g5 Rc6d6
58.Qg5h6 Rd6d4
59.Qh6g7 Kc8
60.Qg7f8 Kd7
61.Qf8xc5 Re6c6
62.Qc5xe5 Rd4xc4
63.Qe5g7 Kc8
64.Qg7f8 Kb7
65.Qf8f7 Kb8
66.Qf7e8 Kb7
67.Qe8d7 Kb8
68.Qd7d8 Kb7
69.Qd8d5 Rc4c5
70.Qd5b3 Rc5b5
71.Qb3f7 Kc8
72.Qf7e8 Kb7
73.Qe8d7 Rc6c7
74.Qd7xb5 axb5
75.Kb3 Ka6
76.a4 Kxa5
77.f4 bxa4
{ abandon }0-1

[Event "Coupe Niveau 3"]
[Site "www.echecsemail.com"]
[Date "2026.01.25"]
[Round "1"]
[White "Domenico"]
[Black "Patau"]
[WhiteElo "1790"]
[BlackElo "1700"]
[Result "1-0"]
1.e4 e5
2.Bf1c4 c6
3.Ng1f3 d5
4.exd5 cxd5
5.Bc4b3 Nb8c6
6.d3 Bc8g4
7.c3 Ng8f6
8.O-O Bf8d6
9.Bc1g5 Nc6a5
10.Bb3xd5 h6
11.Bg5xf6 Qd8xf6
12.Qd1a4 Bg4d7
13.Qa4xa5 O-O
14.Bd5xb7 Ra8b8
15.Qa5xa7 Bd7e6
16.Bb7e4 Rb8xb2
17.d4 exd4
18.cxd4 Rf8b8
19.Nb1c3 Be6c4
20.Rf1b1 g6
21.Rb1xb2 Rb8xb2
22.h4 Bd6b4
23.Qa7b8 Kg7
24.Nc3d5 Bb4c3
25.Nd5xf6 Rb2xb8
26.Ra1c1 Kxf6
27.Rc1xc3 Bc4xa2
28.Rc3c6 Kg7
29.Nf3e5 Rb8d8
30.d5 Rd8b8
31.Rc6c7 { abandon }1-0

[Event "Défi"]
[Site "www.echecsemail.com"]
[Date "2026.01.25"]
[Round "1"]
[White "Kerenor"]
[Black "Solnic"]
[WhiteElo "1570"]
[BlackElo "1280"]
[Result "1-0"]
1.d4 d5
2.Nb1c3 e6
3.a3 h6
4.e4 c6
5.exd5 cxd5
6.Ng1f3 g5
7.h3 a6
8.Bf1d3 f5
9.Nf3e5 Ng8f6
10.Bc1d2 Bf8d6
11.Qd1e2 Bd6xe5
12.Qe2xe5 Nb8c6
13.Qe5e3 O-O
14.f4 g4
15.Bd3e2 Nc6a5
16.Nc3a2 Qd8b6
17.Bd2c3 Bc8d7
18.Be2d3 g3
19.Qe3xg3 Kf7
20.b3 Nf6h5
21.Qg3f3 Kg7
22.Qf3xh5 Qb6d8
23.g4 b5
24.Rh1g1 Bd7e8
25.Bc3xa5 Qd8xa5
26.b4 Qa5b6
27.gxf5 Kh8
28.Qh5xh6 1-0

[Event "Tournoi n27129"]
[Site "www.echecsemail.com"]
[Date "2026.01.25"]
[Round "1"]
[White "Daimyo"]
[Black "Petitlulu64"]
[WhiteElo "1530"]
[BlackElo "1670"]
[Result "1-0"]
1.e4 e5
2.Ng1f3 d6
3.h3 Nb8c6
4.c3 Ng8f6
5.Bf1e2 Nf6xe4
6.O-O Bf8e7
7.b4 Ne4g5
8.Nf3xg5 Be7xg5
9.Be2c4 O-O
10.d3 Bg5f6
11.Bc1e3 d5
12.Bc4b3 d4
13.cxd4 Nc6xd4
14.Nb1c3 Bc8f5
15.g4 Nd4xb3
16.Qd1xb3 Bf5e6
17.Qb3c2 Be6d7
18.Nc3d5 c6
19.Nd5xf6 Qd8xf6
20.f4 Qf6h4
21.Kh2 Bd7xg4
22.Qc2g2 Bg4e6
23.f5 Be6d5
24.Qg2g1 e4
25.d4 Bd5c4
26.Rf1f4 Qh4f6
27.Qg1g3 Bc4d3
28.Rf4g4 Kh8
29.Ra1g1 Rf8g8
30.Qg3f4 Ra8e8
31.h4 Bd3e2
32.Rg4g3 Be2f3
33.h5 Bf3xh5
34.Qf4g5 Qf6xg5
35.Rg3xg5 g6
36.d5 cxd5
37.Be3d4 Rg8g7
38.Bd4xg7 Kxg7
39.Rg5xh5 e3
40.fxg6 fxg6
41.Rh5xd5 e2
42.Rg1e1 Re8e7
43.Rd5d2 Re7e4
44.a3 Re4e3
45.Rd2xe2 Re3xa3
46.Re2e7 Kh6
47.Re7xb7 a5
48.bxa5 Ra3xa5
49.Re1e3 Ra5a2
50.Kh3 Ra2a1
51.Kg4 Ra1a4
52.Kh3 Ra4a5
53.Rb7b4 Ra5f5
54.Kh4 Rf5h5
55.Kg3 Rh5g5
56.Kf4 Rg5f5
57.Kg3 Rf5g5
58.Rb4g4 Kh5
59.Rg4xg5 Kxg5
60.Re3e5 Kf6
61.Kf4 h6
62.Re5a5 h5
63.Ra5a6 Kg7
64.Kg5 Kf7
65.Ra6xg6 h4
66.Rg6h6 h3
67.Rh6xh3 Ke6
68.Rh3h4 Ke5
69.Kg6 Ke6
70.Rh4a4 Kd6
71.Kf5 Kc5
72.Ke5 Kc6
73.Ra4a5 Kb6
74.Ra5d5 Kc6
75.Kd4 Kb6
76.Rd5h5 Kc6
77.Rh5f5 Kd6
78.Rf5f6 Ke7
79.Ke5 Kd7
80.Rf6a6 Kc7
81.Kd5 Kb7
82.Ra6h6 Kc7
83.Ke5 Kd7
84.Rh6a6 Kc7
85.Kd5 Kb7
86.Ra6h6 Kc7
87.Rh6g6 Kb7
88.Kc5 Kc7
89.Rg6g7 Kd8
90.Kc6 Ke8
91.Kd6 Kf8
92.Rg7a7 Kg8
93.Ke6 Kf8
94.Ra7b7 Kg8
95.Kf6 Kh8
96.Kg6 Kg8
97.Rb7b8 1-0

[Event "La Diagonale du fou 9"]
[Site "www.echecsemail.com"]
[Date "2026.01.25"]
[Round "1"]
[White "Woluwe1975"]
[Black "Blackbishop"]
[WhiteElo "1640"]
[BlackElo "1830"]
[Result "0-1"]
1.Ng1f3 d6
2.d4 Ng8f6
3.b3 g6
4.Bc1b2 Bf8g7
5.Nb1d2 O-O
6.e4 Nb8c6
7.a3 Rf8e8
8.d5 Nc6b8
9.c4 Bc8g4
10.Bf1d3 Nb8d7
11.Qd1c2 Nd7c5
12.Bd3e2 e5
13.h3 Bg4c8
14.b4 Nc5a6
15.Be2d3 c6
16.Qc2b3 c5
17.b5 Na6b8
18.a4 Nf6h5
19.Nd2f1 Nh5f4
20.O-O-O Nf4xg2
21.Kb1 Ng2f4
22.Bd3c2 Nf4xh3
23.Qb3e3 Bg7f6
24.Bb2c1 a6
25.Qe3h6 Bf6g7
26.Qh6h4 Qd8xh4
27.Nf3xh4 Nh3xf2
28.Nf1e3 Nf2xd1
29.Bc2xd1 axb5
30.cxb5 b6
31.Ne3c4 Re8d8
32.Nc4xb6 Ra8a7
33.Nb6xc8 Rd8xc8
34.Nh4f3 Nb8d7
35.Bc1a3 Nd7b6
36.Ba3c1 Nb6xa4
37.Kc2 Na4b6
38.Kc3 Ra7a1
39.Bc1b2 Ra1a5
40.Bd1e2 Ra5a4
41.Nf3d2 Ra4a5
42.Nd2c4 Nb6xc4
43.Be2xc4 Bg7f6
44.Kb3 Bf6d8
45.Bb2c3 Ra5a7
46.Rh1a1 Rc8a8
47.Ra1xa7 Ra8xa7
{ abandon }0-1

[Event "Eq:au plaisir du jeux -O fou d hello :"]
[Site "www.echecsemail.com"]
[Date "2026.01.25"]
[Round "1"]
[White "Mequinho"]
[Black "Legrillon"]
[WhiteElo "1960"]
[BlackElo "1740"]
[Result "1-0"]
1.e4 e5
2.Ng1f3 d6
3.h3 h6
4.Bf1c4 Ng8f6
5.Nb1c3 c6
6.d4 Bf8e7
7.Bc1e3 b5
8.Bc4d3 O-O
9.Qd1d2 exd4
10.Nf3xd4 b4
11.Nc3e2 c5
12.Nd4f3 a5
13.O-O-O Nb8c6
14.Be3xh6 Nf6h7
15.Bh6e3 Bc8e6
16.Kb1 a4
17.h4 b3
18.cxb3 axb3
19.a3 c4
20.Bd3xc4 Be6xc4
21.Qd2c3 Nc6a5
22.Ne2d4 Be7f6
23.Qc3d2 Bf6xd4
24.Qd2xd4 Ra8a6
25.h5 Bc4e2
26.Rd1d2 Be2xf3
27.gxf3 Qd8b8
28.Rh1g1 f6
29.f4 Na5c6
30.Qd4d5 Rf8f7
31.h6 Qb8e8
32.Rg1xg7 { abandon }1-0

[Event "Noël 2025 n1"]
[Site "www.echecsemail.com"]
[Date "2026.01.25"]
[Round "1"]
[White "Eldiablo90"]
[Black "Morphy6"]
[WhiteElo "2800"]
[BlackElo "2120"]
[Result "1-0"]
1.e4 c5
2.a3 Nb8c6
3.b4 cxb4
4.axb4 Nc6xb4
5.c3 Nb4c6
6.d4 d5
7.exd5 Qd8xd5
8.Nb1a3 a6
9.Na3c4 b5
10.Nc4b6 Qd5e6
11.Bf1e2 Ra8b8
12.d5 { abandon }1-0

[Event "Tournoi échelle"]
[Site "www.echecsemail.com"]
[Date "2026.01.25"]
[Round "1"]
[White "Jajaf1959"]
[Black "Eldiablo90"]
[WhiteElo "1930"]
[BlackElo "2790"]
[Result "0-1"]
1.d4 Ng8f6
2.c4 e6
3.Ng1f3 d5
4.Bc1g5 dxc4
5.e4 b5
6.e5 h6
7.Bg5xf6 gxf6
8.exf6 Qd8xf6
9.Nb1c3 a6
10.g3 Bc8b7
11.Bf1g2 Bf8g7
12.O-O Nb8d7
13.Rf1e1 Bb7xf3
14.Bg2xf3 O-O-O
15.d5 Nd7e5
16.Bf3g2 Ne5d3
17.Nc3e4 Qf6f5
18.Qd1e2 exd5
19.Ne4c3 Nd3xe1
20.Ra1xe1 Rh8e8
21.Nc3xd5 Re8xe2
22.Re1xe2 Rd8xd5
{ abandon }0-1

[Event "Coupe Niveau 5"]
[Site "www.echecsemail.com"]
[Date "2026.01.25"]
[Round "1"]
[White "Nicodemouscron"]
[Black "Alain64"]
[WhiteElo "2110"]
[BlackElo "2070"]
[Result "0-1"]
1.e4 c5
2.Ng1f3 Nb8c6
3.d4 cxd4
4.Nf3xd4 Nc6xd4
5.Qd1xd4 d6
6.c4 Ng8f6
7.Nb1c3 a6
8.Bf1e2 g6
9.O-O Bf8g7
10.Bc1g5 O-O
11.Qd4d2 Bc8d7
12.Ra1c1 Ra8c8
13.b3 Bd7c6
14.f3 Qd8d7
15.Bg5xf6 Bg7xf6
16.Nc3d5 Bc6xd5
17.exd5 e6
18.dxe6 fxe6
19.Rf1d1 Rf8d8
20.Qd2e3 Kg7
21.Rd1d3 d5
22.cxd5 exd5
23.f4 d4
24.Qe3d2 Rc8xc1
25.Qd2xc1 Rd8c8
26.Qc1d2 Qd7c7
27.Kf2 Qc7c1
28.Rd3xd4 Bf6xd4
29.Qd2xd4 Kf8
30.Qd4h8 Ke7
31.Qh8e5 Kd8
32.Qe5d6 Ke8
33.Qd6e6 Kd8
34.Be2c4 Qc1xf4
35.Kg1 Qf4d4
36.Kf1 Kc7
37.Qe6e7 Kb8
38.g3 Qd4a1
39.Kg2 Qa1xa2
40.Kh3 Qa2a5
41.Qe7xh7 Qa5f5
42.Kg2 Rc8d8
43.Qh7h6 g5
44.Qh6b6 Rd8d2
45.Kg1 Qf5h3
{ abandon }0-1

[Event "Défi"]
[Site "www.echecsemail.com"]
[Date "2026.01.25"]
[Round "1"]
[White "Epervier14"]
[Black "Joelcouturier"]
[WhiteElo "1220"]
[BlackElo "1180"]
[Result "0-1"]
1.d4 d5
2.Ng1f3 Ng8f6
3.Bc1f4 e6
4.e3 Bf8b4
5.c3 Bb4e7
6.Bf1d3 O-O
7.O-O Be7d6
8.Bf4xd6 Qd8xd6
9.Nb1d2 Nb8c6
10.h3 e5
11.dxe5 Nc6xe5
12.Nf3xe5 Qd6xe5
13.Qd1c2 Rf8d8
14.f4 Qe5e6
15.f5 Qe6xe3
16.Kh1 Nf6h5
17.Rf1e1 Nh5g3
18.Kh2 Qe3f2
19.Re1f1 Ng3xf1
20.Kh1 Nf1g3
21.Kh2 b6
22.a4 Bc8b7
23.f6 d4
24.cxd4 Qf2xg2
0-1

[Event "Transval 3"]
[Site "www.echecsemail.com"]
[Date "2026.01.25"]
[Round "1"]
[White "Woluwe1975"]
[Black "Petitlulu64"]
[WhiteElo "1640"]
[BlackElo "1690"]
[Result "1-0"]
1.f4 d5
2.Ng1f3 Nb8c6
3.e3 Ng8f6
4.Bf1b5 Bc8d7
5.Bb5xc6 e6
6.Bc6xd7 Nf6xd7
7.O-O Bf8c5
8.d4 Bc5b6
9.Qd1d3 c5
10.c3 c4
11.Qd3c2 Nd7f6
12.Nb1d2 O-O
13.Nf3e5 Bb6c7
14.g4 Bc7xe5
15.fxe5 Nf6d7
16.Nd2f3 f6
17.Nf3h4 f5
18.Nh4g2 b5
19.Bc1d2 fxg4
20.Rf1xf8 Qd8xf8
21.Ra1f1 Qf8e7
22.e4 Nd7b6
23.exd5 Nb6xd5
24.a3 a5
25.Qc2d1 g3
26.hxg3 b4
27.a4 Ra8b8
28.Qd1c2 b3
29.Qc2d1 Qe7e8
30.Qd1g4 Kh8
31.Ng2h4 Qe8e7
32.Bd2g5 Qe7d7
33.Qg4h5 Rb8e8
34.Rf1f7 Qd7c8
35.Nh4g6 Kg8
36.Ng6e7 Nd5xe7
37.Bg5xe7 Qc8c7
38.Rf7xg7 Kxg7
39.Qh5xe8 Qc7b7
40.Qe8f8 Kg6
41.Qf8f6 Kh5
42.Qf6g5 1-0

[Event "Défi( 10J+24H/c 10J Max )"]
[Site "www.echecsemail.com"]
[Date "2026.01.25"]
[Round "1"]
[White "Odemevol"]
[Black "Hberlioz"]
[WhiteElo "1950"]
[BlackElo "1660"]
[Result "1-0"]
1.d4 d5
2.c4 Ng8f6
3.g3 b6
4.Bf1g2 Bc8b7
5.Nb1c3 e6
6.Ng1f3 Nb8c6
7.e3 Bf8b4
8.O-O Qd8d7
9.Qd1c2 h5
10.Nf3e5 Nc6xe5
11.dxe5 Nf6g4
12.cxd5 Bb4xc3
13.Qc2xc3 exd5
14.h3 Ng4h6
15.e6 fxe6
16.Rf1d1 O-O-O
17.e4 d4
18.Qc3a3 Kb8
19.Bc1f4 Ka8
20.Bf4e5 Rh8g8
21.Be5xd4 g5
22.Bd4f6 Qd7xd1
23.Ra1xd1 Rd8xd1
24.Kh2 g4
25.Qa3a4 Rd1d2
26.Kg1 Rg8f8
27.Bf6g5 Nh6f7
28.Bg5xd2 { abandon }1-0

[Event "Défi( 10J+24H/c 10J Max )"]
[Site "www.echecsemail.com"]
[Date "2026.01.25"]
[Round "1"]
[White "Chevalice"]
[Black "Tunnellavage"]
[WhiteElo "1670"]
[BlackElo "1740"]
[Result "0-1"]
1.f4 d5
2.Ng1f3 Nb8c6
3.e3 Bc8f5
4.a3 Ng8f6
5.Bf1b5 Bf5d7
6.c3 e6
7.d3 h6
8.Nf3e5 Bf8d6
9.Ne5xc6 bxc6
10.Bb5a4 O-O
11.O-O Ra8b8
12.b4 Qd8e8
13.Nb1d2 c5
14.Nd2f3 Bd7xa4
15.Qd1e2 Ba4b5
16.Nf3e5 Bd6xe5
17.fxe5 Nf6d7
18.c4 dxc4
19.dxc4 Bb5c6
20.b5 Bc6b7
21.Bc1b2 Qe8e7
22.e4 Qe7g5
23.Bb2c1 Qg5xe5
24.Qe2g4 Nd7f6
25.Qg4g3 Qe5xg3
26.hxg3 Nf6xe4
27.g4 Ne4d6
28.Rf1f4 e5
29.Rf4f2 Nd6xc4
30.Rf2c2 Bb7d5
31.a4 e4
32.Bc1f4 Rb8c8
33.Ra1d1 Bd5e6
34.g5 h5
35.Rd1e1 e3
36.Bf4xe3 Nc4xe3
37.Re1xe3 c4
38.Rc2c3 Rf8d8
39.Kf2 Rd8d1
40.Rc3a3 Rc8d8
41.a5 Rd8d2
42.Kf3 Be6g4
43.Kg3 Rd2d3
44.Kf4 Rd1f1
45.Kg3 Rd3d2
46.Re3e7 Rd2d7
47.Re7e8 Kh7
48.Re8e4 Rd7d3
49.Ra3xd3 cxd3
50.Re4d4 Bg4e2
51.Kh2 Rf1f5
52.b6 cxb6
53.a6 Rf5a5
{ abandon }0-1

[Event "Tournoi n27406"]
[Site "www.echecsemail.com"]
[Date "2026.01.25"]
[Round "1"]
[White "Hermite"]
[Black "Albescab"]
[WhiteElo "1530"]
[BlackElo "1620"]
[Result "1-0"]
1.e4 e5
2.Ng1f3 d6
3.d3 Bc8g4
4.Nb1d2 Ng8f6
5.h3 Bg4h5
6.Bf1e2 Nb8c6
7.b3 Bf8e7
8.Bc1b2 Nc6b4
9.O-O Qd8d7
10.c3 Nb4c6
11.d4 O-O-O
12.d5 Nc6a5
13.b4 Bh5g6
14.bxa5 Bg6xe4
15.Nd2xe4 Nf6xe4
16.Be2d3 Ne4c5
17.Bd3c4 a6
18.Qd1e2 f6
19.Nf3d2 f5
20.Bb2a3 Nc5a4
21.Ra1b1 Na4xc3
22.Qe2d3 Nc3xb1
23.Rf1xb1 g5
24.Bc4xa6 Kb8
25.Ba6b5 Qd7c8
26.a6 h5
27.axb7 e4
28.Qd3d4 Kxb7
29.Bb5d7 Ka8
30.Qd4a4 Qc8a6
31.Qa4xa6 1-0

[Event "Défi( 10J+24H/c 10J Max )"]
[Site "www.echecsemail.com"]
[Date "2026.01.25"]
[Round "1"]
[White "Felicio"]
[Black "Lancov"]
[WhiteElo "1920"]
[BlackElo "1920"]
[Result "1-0"]
1.d4 d6
2.Ng1f3 Ng8f6
3.c4 g6
4.Nb1c3 Bf8g7
5.e4 c6
6.Bf1e2 Bc8g4
7.Bc1e3 a6
8.O-O Nb8d7
9.Qd1c2 O-O
10.Qc2d2 Ra8c8
11.Be3h6 Bg4xf3
12.Be2xf3 Nd7b6
13.Bh6xg7 Kxg7
14.b3 e6
15.Rf1d1 Qd8c7
16.Nc3e2 Rc8d8
17.Qd2g5 Qc7e7
18.Ne2g3 Nf6g8
19.Qg5xe7 Ng8xe7
20.a4 Nb6d7
21.a5 Ne7g8
22.h4 f5
23.Rd1e1 fxe4
24.Re1xe4 Rd8e8
25.Ra1e1 Nd7f6
26.Re4xe6 Re8xe6
27.Re1xe6 d5
28.c5 Rf8e8
29.Re6xe8 Nf6xe8
30.Bf3g4 Ng8e7
31.h5 Ne8f6
32.Bg4d1 g5
33.Kf1 h6
34.Ke2 Kf7
35.Ke3 Ke6
36.f4 Ne7f5
37.Kf3 Nf5xd4
38.Ke3 Nd4f5
39.Ng3xf5 Kxf5
40.g3 g4
41.Bd1c2 Ke6
42.Bc2g6 Nf6g8
43.Kd2 Ng8e7
44.Bg6d3 Ne7g8
45.Ke2 Ng8f6
46.Bd3g6 Nf6g8
47.Ke3 Kf6
48.Bg6c2 Ng8e7
49.Bc2d1 Kf5
50.b4 Kf6
51.Bd1xg4 Ne7f5
52.Bg4xf5 Kxf5
53.Kf3 Kf6
54.g4 Kg7
55.g5 hxg5
56.fxg5 Kh7
57.h6 Kg6
58.Kf4 Kh7
59.Kf5 Kg8
60.g6 Kh8
61.Kf6 d4
62.Kf7 d3
63.g7 { abandon }1-0

[Event "Défi( 10J+24H/c 10J Max )"]
[Site "www.echecsemail.com"]
[Date "2026.01.25"]
[Round "1"]
[White "Poison"]
[Black "Minon"]
[WhiteElo "1080"]
[BlackElo "1940"]
[Result "0-1"]
1.Ng1f3 d5
2.d4 Nb8c6
3.Nb1c3 Ng8f6
4.e3 Bc8f5
5.Bf1b5 Bf5d7
6.Bb5xc6 Bd7xc6
7.Nf3e5 Nf6d7
8.Ne5xd7 Qd8xd7
9.Bc1d2 e6
10.O-O Bf8d6
11.Bd2c1 O-O
12.b3 e5
13.dxe5 Bd6xe5
14.Bc1d2 Ra8e8
15.a3 Qd7d6
16.Qd1e2 Be5xh2
17.Kh1 Qd6h6
18.g3 Bh2xg3
19.Kg2 d4
20.Qe2f3 Qh6h2
0-1